书目信息 |
| 题名: |
植物营养失调症彩色图谱
|
|
| 作者: | 陆景陵 , 陈伦寿 编著 | |
| 分册: | ||
| 出版信息: | 北京 中国林业出版社 2009 |
|
| 页数: | 548页 | |
| 开本: | 26cm | |
| 丛书名: | ||
| 单 册: | ||
| 中图分类: | S432.3-64 , S147.2-64 | |
| 科图分类: | ||
| 主题词: | 作物--植物营养缺乏症--图谱 , 作物--施肥--图谱 , 作物 , 植物营养缺乏症 , 施肥 | |
| 电子资源: | ||
| ISBN: | 978-7-5038-5698-3 | |
| 000 | 01079nam0 2200301 45 | |
| 001 | 1130745281 | |
| 005 | 20110310090457.31 | |
| 010 | @a978-7-5038-5698-3@b精装@dCNY160.00 | |
| 100 | @a20110122d2009 em y0chiy50 ea | |
| 101 | 0 | @achi |
| 102 | @aCN@b110000 | |
| 105 | @aa z 000yy | |
| 106 | @ar | |
| 200 | 1 | @a植物营养失调症彩色图谱@AZhi Wu Ying Yang Shi Tiao Zheng Cai Se Tu Pu@e诊断与施肥@EZhen Duan Yu Shi Fei@f陆景陵,陈伦寿编著@FLu Jing Ling, Chen Lun Shou Bian Zhu |
| 210 | @a北京@c中国林业出版社@d2009 | |
| 215 | @a548页@c彩图@d26cm | |
| 330 | @a本书分上篇:植物营养失调症彩色,内容涵盖植物营养与施肥、土壤性质与施肥等;下篇:科学施肥部分,内容涵盖植物营养与施肥、土壤性质与施肥、肥料性质与施肥等。 | |
| 606 | 0 | @a作物@x植物营养缺乏症@j图谱 |
| 606 | 0 | @a作物@x施肥@j图谱 |
| 606 | 0 | @a作物 |
| 606 | 0 | @a植物营养缺乏症 |
| 606 | 0 | @a施肥 |
| 690 | @aS432.3-64@v4 | |
| 690 | @aS147.2-64@v4 | |
| 701 | 0 | @a陆景陵@ALu Jing Ling@4编著 |
| 701 | 0 | @a陈伦寿@AChen Lun Shou@4编著 |
| 801 | 0 | @aCN@bTANGWEI@c20110310 |
| 905 | @b0531993-94@dS432.3-64@e76@f2 | |
| 植物营养失调症彩色图谱:诊断与施肥/陆景陵,陈伦寿编著.-北京:中国林业出版社,2009 |
| 548页:彩图;26cm |
| ISBN 978-7-5038-5698-3(精装):CNY160.00 |
| 本书分上篇:植物营养失调症彩色,内容涵盖植物营养与施肥、土壤性质与施肥等;下篇:科学施肥部分,内容涵盖植物营养与施肥、土壤性质与施肥、肥料性质与施肥等。 |
| ● |
| 相关链接 |
|
|
|
|
正题名:植物营养失调症彩色图谱
索取号:S432.3-64/76
 
预约/预借
| 序号 | 登录号 | 条形码 | 馆藏地/架位号 | 状态 | 备注 |
| 1 | 0531993 | 205319939 | 第二样本阅览室/ [索取号:S432.3-64/76] | 在馆 | |
| 2 | 0531994 | 205319948 | 第三借阅区/ [索取号:S432.3-64/76] | 在馆 |